Isolation of protoplasts from leaf mesophyll cells of Hevea brasiliensis (Record no. 52383)

MARC details
000 -LEADER
fixed length control field 00529nam a2200133Ia 4500
100 ## - MAIN ENTRY--AUTHOR NAME
Personal name Das
245 #0 - TITLE STATEMENT
Title Isolation of protoplasts from leaf mesophyll cells of Hevea brasiliensis
260 ## - PUBLICATION, DISTRIBUTION, ETC. (IMPRINT)
Name of publisher In: Preprints of Papers. International Natural Rubber Conference, India 2005, 6-8 November 2005, Rubber Research Institute of India, Kottayam, Kerala, India, pp. 145-148.
Year of publication 2005
650 ## - SUBJECT ADDED ENTRY--TOPICAL TERM
Topical Term Leaf mesophyll cell
650 ## - SUBJECT ADDED ENTRY--TOPICAL TERM
Topical Term Protoplast culture
700 ## - ADDED ENTRY--PERSONAL NAME
Personal name Dey S.K.
942 ## - ADDED ENTRY ELEMENTS (KOHA)
Koha item type Bibliography STAF
100 ## - MAIN ENTRY--AUTHOR NAME
-- K.
Holdings
Withdrawn status Lost status Damaged status Not for loan Home library Current library Date acquired Koha item type
      Bibliography RRII Library RRII Library 09/04/2014 Bibliography STAF